Responses for Show #5146 - Monday, January 15, 2007

Contestants

[<< previous game]

JC Honeycutt, a fraud investigator and singer-songwriter from Charlotte, North Carolina

Brian Armbrust, a corporate trainer from San Francisco, California

Kelly Isenor, a TV news producer from Boston, Massachusetts (whose 2-day cash winnings total $31,800)

[next game >>]

Jeopardy! Round responses

U.S. PORT CITIES
HOLLYWOOD LEFTIES
ARTS & CRAFTS
QUOTATIONS
HEY, "BABY"
(Alex: And finally, in honor of Martin Luther King Day...)
AFRICAN-AMERICANA
    $200 1
Charleston

Brian
    $200 22
Oprah Winfrey

JC
    $200 3
a kiln

Brian
    $200 17
meetings

JC
    $200 14
a baby grand

JC
    $200 10
Time

Brian
    $400 2
Texas

JC
    $400 23
Goldie Hawn

Brian
    $400 5
grout

Kelly
    $400 18
French

JC
    $400 15
baby's breath

Brian
    $400 11
the Republican Party

JC
    $600 4
Savannah

Kelly
    $600 24
Julia Roberts

Brian
    $600 6
(Alex: And that would be [*]. I majored in it at college.)

basket weaving

Triple Stumper
    $600 19
Waterloo

Kelly
    $600 20
"Baby Doc"

Brian
    $600 13
Colin Powell

Kelly
    $800 8
Long Beach

Brian
    $800 25
Angelina Jolie

Brian
    $800 7
a template

Brian
    $800 29
film (or cinema)

JC
    $800 27
the tar baby

JC
    $800 16
New Orleans

JC
    $1,000 9
(Alex: [*], Maine. [*], Oregon.)

Portland

Brian
    $1000 26
Nicole Kidman

Brian
    $1000 12
macramé

Brian
    $1000 30
one's country

Brian
    $1000 28
a bush baby

JC
    $1000 21
Their Eyes Were Watching God

Brian

Scores at the first commercial break (after clue 15):

Kelly Brian JC
$1,600 $4,600 $1,000

Scores at the end of the Jeopardy! Round:

Kelly Brian JC
$2,200 $10,000 $5,200

Double Jeopardy! Round responses

ROYAL BRITANNIA
TV DRAMAS BY EPISODE
ARCHITECTURE
OFFICIAL STATE THINGS
MY NAME IS EARL WARREN
I JUST LIKE SAYING THESE WORDS
    $400 6
Elizabeth I

Brian
    $400 4
Knight Rider

Kelly
    $400 14
stairs

Kelly
    $400 10
the honey bee

JC
    $400 1
vote

Kelly
    $400 3
one's knee

Brian
    $800 8
Queen Anne

Brian
    $800 7
Charlie's Angels

JC
    $800 15
gutter

Kelly
    $800 11
a raccoon

Brian
    $800 2
Arlington

JC
    $800 18
(Kelly: What is a mole?)

a freckle

KellyBrian
    $1200 17
(Kelly: What is William?)
(JC: Who is James II?)

Charles

KellyJC
Triple Stumper
    $1200 9
Xena: Warrior Princess

JC
    $4,000 16
(Kelly: I don't know... what is taliesin?)

the Prairie Style

Kelly
    $1200 19
green

Brian
    $1200 5
California

JC
    $1200 22
(Kelly: What is decapitation?)

stoning

Kelly
Triple Stumper
    $1,000 28
Edward VII

JC
    $1600 12
Twin Peaks

Triple Stumper
    $1600 26
bricks

Kelly
    $1600 20
a conch

JC
    $1600 25
(Brian: Who is Thurgood Marshall?)

Warren Burger

Brian
Triple Stumper
    $1600 23
underbelly

Triple Stumper
    $2000 29
(Brian: Who is Richard III?)

Henry VII

Brian
Triple Stumper
    $2000 13
Star Trek: The Next Generation

Kelly
    $2000 30
Inigo

Triple Stumper
    $2000 21
trilobite

Kelly
    $2000 27
Brown v. Board of Education

JC
    $2000 24
neologist

Triple Stumper

Scores at the end of the Double Jeopardy! Round:

Kelly Brian JC
$2,600 $10,800 $13,000

[wagering suggestions for these scores]

Final Jeopardy! Round responses

AMERICAN LITERATURE
(Alex: [To Brian] You are correct. The work was The Tell-Tale Heart. The epigraph, by the way, was by Longfellow.)
KellyWho is James Fenimore Cooper?
$300
BrianWho is Edgar Allan Poe?
$10,700
JCWho was Stephen Crane?
$8,601
Edgar Allan Poe

Final scores:

Kelly Brian JC
$2,300 $21,500 $4,399
3rd place: $1,000 New champion: $21,500 2nd place: $2,000

Game dynamics:

Coryat scores:

Kelly Brian JC
$6,600 $10,800 $13,600
11 R,
4 W
(including 1 DD)
21 R
(including 1 DD),
2 W
18 R
(including 1 DD),
1 W

Combined Coryat: $31,000

[game clues] [game scores] [suggest correction]

Game tape date: 2006-11-14
The J! Archive is created by fans, for fans. Scraping, republication, monetization, and malicious use prohibited; this site may use cookies and collect identifying information. See terms. The Jeopardy! game show and all elements thereof, including but not limited to copyright and trademark thereto, are the property of Jeopardy Productions, Inc. and are protected under law. This website is not affiliated with, sponsored by, or operated by Jeopardy Productions, Inc. Join the discussion at JBoard.tv.